<?xml version="1.0" encoding="UTF-8"?>
<record
    xmlns:xsi="http://www.w3.org/2001/XMLSchema-instance"
    xsi:schemaLocation="http://www.loc.gov/MARC21/slim http://www.loc.gov/standards/marcxml/schema/MARC21slim.xsd"
    xmlns="http://www.loc.gov/MARC21/slim">

  <leader>02544cam a2200277 i 4500</leader>
  <controlfield tag="001">17365299</controlfield>
  <controlfield tag="005">20250827141908.0</controlfield>
  <controlfield tag="008">240401s2024    sp            000 f spa c</controlfield>
  <datafield tag="020" ind1=" " ind2=" ">
    <subfield code="a">9788433924056</subfield>
  </datafield>
  <datafield tag="035" ind1=" " ind2=" ">
    <subfield code="a">(OCoLC)on1432693375</subfield>
  </datafield>
  <datafield tag="035" ind1=" " ind2=" ">
    <subfield code="a">17365299</subfield>
  </datafield>
  <datafield tag="040" ind1=" " ind2=" ">
    <subfield code="a">IBEAM</subfield>
    <subfield code="b">eng</subfield>
    <subfield code="e">rda</subfield>
    <subfield code="c">IBEAM</subfield>
    <subfield code="d">BDX</subfield>
    <subfield code="d">YDX</subfield>
    <subfield code="d">NOC</subfield>
  </datafield>
  <datafield tag="041" ind1=" " ind2=" ">
    <subfield code="a">Spanish</subfield>
  </datafield>
  <datafield tag="042" ind1=" " ind2=" ">
    <subfield code="a">pcc</subfield>
  </datafield>
  <datafield tag="050" ind1=" " ind2="4">
    <subfield code="a">PQ7798.418.A79</subfield>
    <subfield code="b">P47 2024</subfield>
  </datafield>
  <datafield tag="100" ind1=" " ind2=" ">
    <subfield code="a">Harwicz, Ariana,</subfield>
    <subfield code="d">1977-</subfield>
    <subfield code="e">author.</subfield>
    <subfield code="0">http://id.loc.gov/authorities/names/no2015065005</subfield>
  </datafield>
  <datafield tag="245" ind1="1" ind2="0">
    <subfield code="a">Perder el juicio </subfield>
    <subfield code="c">/ Ariana Harwicz.</subfield>
  </datafield>
  <datafield tag="264" ind1=" " ind2="1">
    <subfield code="a">Barcelona :</subfield>
    <subfield code="b">Editorial Anagrama,</subfield>
    <subfield code="c">2024.</subfield>
  </datafield>
  <datafield tag="300" ind1=" " ind2=" ">
    <subfield code="a">133 pages ;</subfield>
    <subfield code="c">22 cm.</subfield>
  </datafield>
  <datafield tag="490" ind1="1" ind2=" ">
    <subfield code="a">Narrativas hisp&#xE1;nicas ;</subfield>
    <subfield code="v">736</subfield>
  </datafield>
  <datafield tag="520" ind1=" " ind2=" ">
    <subfield code="a">Los seres humanos piensan que saben de qu&#xE9; son capaces. Creen que no podr&#xED;an escapar de los polic&#xED;as, que nunca le har&#xED;an mal a un ni&#xF1;o. Yo no podr&#xED;a matar a mis padres; hagan lo que hagan, me dieron la vida. O yo no llegar&#xED;a jam&#xE1;s hasta la violaci&#xF3;n. No ser&#xED;a capaz de acelerar al volante en un puente con mis hijos en el auto y caer al vac&#xED;o. Pero todo eso lo decimos antes; no somos capaces, es cierto, nos resulta impensable el crimen, hasta que pasamos al acto.

Perder el juicio cuenta la historia de un robo, de una apropiaci&#xF3;n, de un incendio provocado. Esta obra es el viaje de un secuestro donde la vida es vista como el armado de una evasi&#xF3;n. Como dice Harwicz, se escribe una novela cuando se est&#xE1; en desacuerdo con el sentido de las palabras, cuando dejar de mentir es imposible.</subfield>
  </datafield>
  <datafield tag="520" ind1=" " ind2=" ">
    <subfield code="a">Human beings think they know what they are capable of. They believe they could never outrun the police, that they would never harm a child. I could never kill my parents; whatever they did, they gave me life. Or: I would never go as far as rape. I would never be capable of pressing down on the accelerator, driving across a bridge with my children in the car, and plunging into the void. But all this we say beforehand; it is true that we are not capable, that crime seems unthinkable &#x2014; until the moment we act.

Perder el juicio tells the story of a theft, of an appropriation, of an act of arson. It is the journey of a kidnapping in which life is seen as the construction of an escape. As Harwicz puts it: a novel is written when one is at odds with the meaning of words, when it becomes impossible to stop lying.</subfield>
  </datafield>
  <datafield tag="650" ind1=" " ind2="0">
    <subfield code="a"> Kidnapping</subfield>
    <subfield code="v">Fiction.</subfield>
    <subfield code="0">http://id.loc.gov/authorities/subjects/sh2008106302</subfield>
  </datafield>
  <datafield tag="830" ind1=" " ind2="0">
    <subfield code="a">Narrativas hisp&#xE1;nicas ;</subfield>
    <subfield code="v">736.</subfield>
    <subfield code="0">http://id.loc.gov/authorities/names/n84733961</subfield>
  </datafield>
  <datafield tag="942" ind1=" " ind2=" ">
    <subfield code="2">lcc</subfield>
  </datafield>
  <datafield tag="952" ind1=" " ind2=" ">
    <subfield code="0">0</subfield>
    <subfield code="1">0</subfield>
    <subfield code="2">lcc</subfield>
    <subfield code="4">0</subfield>
    <subfield code="7">0</subfield>
    <subfield code="a">TBS</subfield>
    <subfield code="b">TBS</subfield>
    <subfield code="d">2025-08-27</subfield>
    <subfield code="l">0</subfield>
    <subfield code="o">P-SP HAR</subfield>
    <subfield code="p">B06043</subfield>
    <subfield code="r">2025-08-27</subfield>
    <subfield code="t">1</subfield>
    <subfield code="w">2025-08-27</subfield>
    <subfield code="y">1</subfield>
  </datafield>
  <datafield tag="999" ind1=" " ind2=" ">
    <subfield code="c">4884</subfield>
    <subfield code="d">4884</subfield>
  </datafield>
</record>
